Microsoft Visual C# 2005 step by step / (Record no. 26378)
[ view plain ]
| 000 -LEADER | |
|---|---|
| fixed length control field | 01111cam a22002895a 4500 |
| 001 - CONTROL NUMBER | |
| control field | 14092226 |
| 005 - DATE AND TIME OF LATEST TRANSACTION | |
| control field | 20201128024308.0 |
| 006 - FIXED-LENGTH DATA ELEMENTS--ADDITIONAL MATERIAL CHARACTERISTICS--GENERAL INFORMATION | |
| fixed length control field | a||||f ||z 00| 0 |
| 008 - FIXED-LENGTH DATA ELEMENTS--GENERAL INFORMATION | |
| fixed length control field | 050830t2006 waua fr 001 0 eng d |
| 020 ## - INTERNATIONAL STANDARD BOOK NUMBER | |
| International Standard Book Number | 0735621292 |
| 020 ## - INTERNATIONAL STANDARD BOOK NUMBER | |
| International Standard Book Number | 9780735621299 |
| 040 ## - CATALOGING SOURCE | |
| Original cataloging agency | DLC |
| Transcribing agency | DLC |
| Modifying agency | DLC |
| -- | EG-ScBUE |
| Language of cataloging | eng |
| 082 04 - DEWEY DECIMAL CLASSIFICATION NUMBER | |
| Edition number | 22 |
| Classification number | 005.133 |
| Item number | SHA |
| 100 1# - MAIN ENTRY--PERSONAL NAME | |
| Personal name | Sharp, John, |
| Dates associated with a name | 1964- |
| 245 10 - TITLE STATEMENT | |
| Title | Microsoft Visual C# 2005 step by step / |
| Statement of responsibility, etc | John Sharp. |
| 260 ## - PUBLICATION, DISTRIBUTION, ETC. (IMPRINT) | |
| Place of publication, distribution, etc | Redmond : |
| Name of publisher, distributor, etc | Microsoft Press, |
| Date of publication, distribution, etc | c.2006. |
| 300 ## - PHYSICAL DESCRIPTION | |
| Extent | xxvii, 555 p. : |
| Other physical details | ill. ; |
| Dimensions | 23 cm. + |
| Accompanying material | CD-ROM (4 3/4 in.) |
| 500 ## - GENERAL NOTE | |
| General note | Index : p. 539-555. |
| 500 ## - GENERAL NOTE | |
| General note | Cover page "2005 edition" |
| 630 07 - SUBJECT ADDED ENTRY--UNIFORM TITLE | |
| Uniform title | Microsoft Visual C# .NET. |
| 650 #7 - SUBJECT ADDED ENTRY--TOPICAL TERM | |
| Topical term or geographic name as entry element | C# (Computer program language) |
| Source of heading or term | BUEsh |
| 9 (RLIN) | 2977 |
| 653 ## - INDEX TERM--UNCONTROLLED | |
| Resource For college | Informatics and Computer Science |
| Arrived date list | March2018 |
| 856 42 - ELECTRONIC LOCATION AND ACCESS | |
| Materials specified | Publisher description |
| Uniform Resource Identifier | <a href="http://www.loc.gov/catdir/enhancements/fy1004/2005933123-d.html">http://www.loc.gov/catdir/enhancements/fy1004/2005933123-d.html</a> |
| 856 41 - ELECTRONIC LOCATION AND ACCESS | |
| Materials specified | Table of contents only |
| Uniform Resource Identifier | <a href="http://www.loc.gov/catdir/enhancements/fy1010/2005933123-t.html">http://www.loc.gov/catdir/enhancements/fy1010/2005933123-t.html</a> |
| 856 42 - ELECTRONIC LOCATION AND ACCESS | |
| Materials specified | Contributor biographical information |
| Uniform Resource Identifier | <a href="http://www.loc.gov/catdir/enhancements/fy1105/2005933123-b.html">http://www.loc.gov/catdir/enhancements/fy1105/2005933123-b.html</a> |
| 942 ## - ADDED ENTRY ELEMENTS (KOHA) | |
| Source of classification or shelving scheme | Dewey Decimal Classification |
| Withdrawn status | Item status | Source of classification or shelving scheme | Damaged status | Not for loan | Home library | Current library | Shelving location | Date acquired | Total Checkouts | Full call number | Barcode | Date last seen | Koha item type |
|---|---|---|---|---|---|---|---|---|---|---|---|---|---|
| Dewey Decimal Classification | Central Library | Central Library | Lower Floor | 21/03/2018 | 005.133 SHA | 000047479 | 15/07/2025 | Book - Borrowing | |||||
| Dewey Decimal Classification | Central Library | Central Library | Lower Floor | 21/03/2018 | 005.133 SHA | 000047480 | 24/08/2022 | CD | DVD - With book |